00295nam a2200121Ia 45000030006000000080041000060400015000471000010000622450045000722600027001175460012001440050017001560STCL150530s9999 xx 000 0 und d aSTCLcSTCL aRubin aComic Imagination in American literature bVoice of Americac1974 aEnglish20220125171355.0